header

Human rights and Chinese thought (Record no. 23984)

MARC details
000 -LEADER
fixed length control field 01286nam a22003254a 4500
082 04 - DEWEY DECIMAL CLASSIFICATION NUMBER
Classification number 323/.0951
100 1# - MAIN ENTRY--AUTHOR NAME
Personal name Angle, Stephen C.,
245 10 - TITLE STATEMENT
Title Human rights and Chinese thought
260 ## - PUBLICATION, DISTRIBUTION, ETC. (IMPRINT)
Place of publication Cambridge ;
-- New York :
Name of publisher Cambridge University Press,
Year of publication 2002.
300 ## - PHYSICAL DESCRIPTION
Number of Pages xviii, 285 p.
490 1# - SERIES STATEMENT
Series statement Cambridge modern China series
650 #0 - SUBJECT ADDED ENTRY--TOPICAL TERM
Topical Term Human rights
856 40 - ELECTRONIC LOCATION AND ACCESS
Uniform Resource Identifier http://site.ebrary.com/lib/rucke/Doc?id=10019056

No items available.

© 2026 Rongo University
Contact us: librarian | system librarian | Rongo university